Teoría y metodología del entrenamiento deportivo /
Exposición, como apunta su título, de la teoría y metodología generales del entrenamiento deportivo: Parte I: Características biomecánicas del sistema locomotor del deportista: 1) Biomecánica de los movimientos del deportista; 2) Mecanismos de trabajo del sistema locomotor del ser humano; 3) Sistema...
Сохранить в:
| Главный автор: | |
|---|---|
| Формат: | |
| Язык: | испанский |
| Опубликовано: |
Barcelona, España :
Paidotribo,
2002, c2002
|
| Серии: | (Entrenamiento Deportivo)
|
| Предметы: | |
| Метки: |
Нет меток, Требуется 1-ая метка записи!
|
MARC
| LEADER | 00000nam^a2200000^a^4500 | ||
|---|---|---|---|
| 001 | 000192112 | ||
| 005 | 20250521000000.0 | ||
| 009 | 20260310102550.872 | ||
| 020 | |a 84-8019-612-2 | ||
| 037 | |a Acervo ITESO - Biblioteca | ||
| 041 | |a ESP | ||
| 082 | |a 613. 711 |b VER | ||
| 100 | |a Verkhoshansky, Yuri |e (autor) | ||
| 245 | 1 | 0 | |a Teoría y metodología del entrenamiento deportivo / |c Y. Verkhoshansky ; tr. por Gabriel Dols, Manuel Pombo. |
| 264 | 4 | |a Barcelona, España : |b Paidotribo, |c 2002, c2002 | |
| 300 | |a 350 p. | ||
| 336 | |a texto |b txt |2 rdacontenido | ||
| 337 | |a sin mediación |b n |2 rdamedio | ||
| 338 | |a volumen |b nc |2 rdasoporte | ||
| 440 | 1 | |a (Entrenamiento Deportivo) | |
| 520 | |a Exposición, como apunta su título, de la teoría y metodología generales del entrenamiento deportivo: Parte I: Características biomecánicas del sistema locomotor del deportista: 1) Biomecánica de los movimientos del deportista; 2) Mecanismos de trabajo del sistema locomotor del ser humano; 3) Sistemas energéticos en el trabajo muscular; 4) Estructura morfológica y propiedades funcionales de los músculos esqueléticos y 5) Regímenes de trabajo muscular. Parte II: Organización de la acción motora compleja: 6) Estructura psicomotriz de la acción motora compleja; 7) Estructura biodinámica del ejercicio deportivo; 8) Técnica deportiva y maestría deportivo-técnica y 9) Particularidades del perfeccionamiento de la maestría técnica en diferentes modalidades deportivas. Parte III: Capacidad especial de trabajo del deportista: 10) Particularidades del funcionamiento del organismo humano durante la actividad deportiva; 11) Leyes de la especialización morfofuncional del organismo durante el proceso de entrenamiento a largo plazo; 12) Rapidez de las acciones motoras; 13) Velocidad de los movimientos y desplazamientos deportivos y 14) Actividad postural y Parte IV: Capacidades motoras del hombre: 15) Formas generales de las capacidades motoras del deportista; 16) Capacidades de coordinación; 17) Capacidades de fuerza y 18) Resistencia. | ||
| 649 | |a XX | ||
| 650 | |a Deportes - |x Entrenamientos - |x Metodología | ||
| 650 | |a Deportes - |x Entrenamientos - |x Teoría - |x Tema Principal | ||
| 650 | |a Movimiento | ||
| 650 | |a Biomecánica | ||
| 650 | |a Biofísica | ||
| 650 | |a Biología | ||
| 910 | |a Fondo General | ||
| 920 | |a Impresos - Libros | ||
| 930 | |a Colección General | ||
| 905 | |a 101 | ||
| 901 | |a 0500135907 |b IT1 |c ACC |u 20250521 | ||
| 902 | |a https://opac.biblio.iteso.mx/vufind/Record/000192112 | ||